[Event "Victoria-ch U14/U16/U18"]
[Site "Box Hill"]
[Date "2005.04.30"]
[Round "6"]
[White "Yu, Derek"]
[Black "Glenton, Alan"]
[Result "1-0"]
[WhiteElo "1405"]
[BlackElo "1312"]
[PlyCount "103"]
[EventDate "2005.05.05"]
[EventType "swiss"]
[EventRounds "8"]
[EventCountry "AUS"]
[SourceTitle "EXT 2018"]
[Source "ChessBase"]
[SourceDate "2017.10.13"]
[SourceVersion "1"]
[SourceVersionDate "2017.10.13"]
[SourceQuality "1"]

1. e4 c5 2. Nf3 Nc6 3. d4 cxd4 4. Nxd4 Nf6 5. Nc3 e5 6. Ndb5 d6 7. Nd5 Nxd5 8. exd5 Nb8 9. c4 f5 10. Bd3 g6 11. Bd2 Nd7 12. Bxf5 a6 13. Nc3 Bg7 14. Bc2 Qh4 15. Ne4 Qe7 16. Bb4 Nc5 17. Bxc5 dxc5 18. d6 Qd8 19. Ba4+ Bd7 20. Bxd7+ Qxd7 21. Nxc5 Qc6 22. Ne6 Qxg2 23. Nxg7+ Kf7 24. Qd5+ Qxd5 25. cxd5 Kxg7 26. Rc1 Rac8 27. Rc7+ Kf6 28. Kd2 Rxc7 29. dxc7 Rc8 30. Rc1 e4 31. Ke3 Ke5 32. d6 Kxd6 33. Kxe4 Rxc7 34. Rxc7 Kxc7 35. Ke5 Kd7 36. Kf6 Ke8 37. Kg7 Ke7 38. Kxh7 Kf7 39. Kh6 Kf6 40. h4 b5 41. b4 Kf7 42. Kg5 Kg7 43. f4 Kf7 44. f5 gxf5 45. Kxf5 Kg7 46. Ke6 Kg6 47. Kd6 Kh5 48. Kc6 Kxh4 49. Kb6 Kg5 50. Kxa6 Kf6 51. Kxb5 Ke7 52. Kc6 1-0

[Event "Victoria-ch op"]
[Site "Box Hill"]
[Date "2004.06.12"]
[Round "1"]
[White "Lugo, Ruperto"]
[Black "Glenton, Alan"]
[Result "1-0"]
[WhiteElo "1799"]
[BlackElo "1332"]
[PlyCount "99"]
[EventDate "2004.06.12"]
[EventType "swiss"]
[EventRounds "7"]
[EventCountry "AUS"]
[SourceTitle "EXT 2018"]
[Source "ChessBase"]
[SourceDate "2017.10.13"]
[SourceVersion "1"]
[SourceVersionDate "2017.10.13"]
[SourceQuality "1"]

1. d4 d5 2. c4 e6 3. Nc3 Nf6 4. cxd5 exd5 5. Bg5 Be7 6. Nf3 Nc6 7. e3 Bg4 8. h3 Bh5 9. Be2 h6 10. Bxf6 Bxf6 11. Qb3 Ne7 12. Qxb7 c6 13. Qb3 0-0 14. 0-0 Bg6 15. a3 Qc7 16. Na4 Nc8 17. Nc5 Nb6 18. Qc3 Nd7 19. Rac1 Rfc8 20. b4 Nxc5 21. Qxc5 Be7 22. Qc3 a6 23. Ne5 Bf6 24. Nxg6 fxg6 25. Bg4 Rd8 26. Qxc6 Qe7 27. Be6+ Kh7 28. Bxd5 Qa7 29. Be4 Rab8 30. Qc7 Qxc7 31. Rxc7 Rd6 32. Rfc1 Re6 33. Bd3 Rd6 34. R1c6 Rxc6 35. Rxc6 h5 36. Rxa6 Rc8 37. b5 Rc3 38. Be4 Rb3 39. b6 Bd8 40. b7 Bc7 41. Bxg6+ Kh6 42. Bf7+ Rb6 43. Rxb6+ Kg5 44. b8Q Bxb8 45. Rxb8 Kh6 46. Bxh5 Kxh5 47. Rg8 Kg6 48. Rxg7+ Kxg7 49. a4 Kf7 50. a5 1-0